Magyar statisztikai zsebkönyv 2005
Uložené v:
| Médium: | Kniha |
|---|---|
| Jazyk: | Hungarian |
| Vydavateľské údaje: |
Budapest
Központi Statisztikai Hivatal
2006
|
| Predmet: | |
| Tagy: |
Žiadne tagy, Buďte prvý, kto otaguje tento záznam!
|
MARC
| LEADER | 00000nam$a2200000$$$4500 | ||
|---|---|---|---|
| 001 | 0054730 | ||
| 005 | 20240318120354.0 | ||
| 022 | |a 0133-5847 | ||
| 041 | 0 | |a hun | |
| 044 | |a HU | ||
| 245 | 1 | 0 | |a Magyar statisztikai zsebkönyv 2005 |
| 264 | 1 | |a Budapest |b Központi Statisztikai Hivatal |c 2006 | |
| 300 | |a 365 s. | ||
| 610 | 2 | 0 | |a štatistika |
| 610 | 2 | 0 | |a tabuľky štatistické |
| 610 | 2 | 0 | |a Maďarsko |
| 610 | 2 | 0 | |a 2005 |